000 00864nam a22002057a 4500
999 _c196343
_d196343
005 20230704122842.0
010 _aB-754984-755009 CHEN 25.5.23
020 _a9788123715278
_c45.00
035 _aB-754984-755009
037 _bNational Book Trust,India
082 _a914.9504
100 _aPal,Bachendri
245 _aEverest:
_bMy Journey To The Top /
_cby Bachendri Pal
260 _aNew Delhi
_bNational Book Trust,India
_c2022(repr.)
270 _aNehru Bhawan, 5 Institutional Area, Phase-II Vasant Kunj, New Delhi
_bNew Delhi
_e110070
300 _a64p.
_c20cm(pbk)
490 _aNehru Bal Pustakalaya
942 _cEN
_2ddc
_mPAL
_k
_h914.9504